• 首页
  • 本馆介绍
  • 公告通知
  • 最新文献
  • 馆藏检索
  • 电子资源
  • 读者导购
  • 参考咨询
  • 我的图书馆
  • 登录
  • 详细信息显示
  • 放入我的书架
  • 预约/预借图书
  • 作者相关作品
  • 分类相关作品
  • 丛书相关作品
  • 出版社相关作品

书目信息

  • 表格格式
  • 工作单格式
  • 卡片格式
题名:
环境评价教程
    
 
作者: 徐新阳 主编
分册:  
出版信息: 北京   化学工业出版社  2004
页数: 263页
开本: 26cm
丛书名:
单 册:
中图分类: X820.2
科图分类:
主题词: 环境质量--评价--高等学校--教材 , 环境质量
电子资源:
ISBN: 7-5025-5586-2
000 00818nam0 2200253 450
001 012007202999
005 20070522170756.12
010    @a7-5025-5586-2@dCNY29.00
100    @a20070515d2004 km y0chiy0120 ea
101 0  @achi
102    @aCN@b110000
105    @ay z 000yy
106    @ar
200 1  @a环境评价教程@Ahuan jing ping jia jiao cheng@f徐新阳主编@Fxu xin yang zhu bian
210    @a北京@c化学工业出版社@d2004
215    @a263页@d26cm
300    @a高等学校教材
330    @a本书以环境要素为主线,系统地介绍了环境质量现状评价和环境质量影响评价的理论、方法和应用,介绍了环境评估的程序和评估要点。
606 0  @a环境质量@x评价@x高等学校@j教材
606 0  @a环境质量
690    @aX820.2@v4
701  0 @a徐新阳@Axu xin yang@c(污水处理)@4主编
801  0 @aCN@bRULIN@c20070522
905    @dX820.2@e72@s8
    
    环境评价教程/徐新阳主编.-北京:化学工业出版社,2004
    263页;26cm
    高等学校教材
    
    ISBN 7-5025-5586-2:CNY29.00
    本书以环境要素为主线,系统地介绍了环境质量现状评价和环境质量影响评价的理论、方法和应用,介绍了环境评估的程序和评估要点。
●
相关链接 在E读中查询图书 在五车中查询图书 在当当中查询图书 在豆瓣中查询图书


正题名:环境评价教程     索取号:X820.2/72         预约/预借

序号 登录号 条形码 馆藏地/架位号 状态 备注
1 0573747   205737470   第二样本阅览室/ [索取号:X820.2/72] 在馆    
2 0573748   205737489   第三借阅区/ [索取号:X820.2/72] 在馆    
3 0573749   205737498   第三借阅区/ [索取号:X820.2/72] 在馆    
4 0573750   205737504   第三借阅区/ [索取号:X820.2/72] 在馆    
5 0573751   205737513   第三借阅区/ [索取号:X820.2/72] 在馆    
6 0573752   205737522   第三借阅区/ [索取号:X820.2/72] 在馆    
7 0573753   205737531   第三借阅区/ [索取号:X820.2/72] 在馆    
8 0573754   205737540   第三借阅区/ [索取号:X820.2/72] 在馆    
唐山师范学院图书馆 欢迎您!
大连网信软件有限公司© 版权所有